CO MOŻNA ZROBIĆ Z PAPIERU? - Statystyki

Ogólne statystyki
  • Ten quiz został rozwiązany 86 razy
  • Średni wynik to 2 z 5
Statystyki odpowiedzi
Hint Odpowiedź % Poprawnych
1. SAMOLOT
85%
2. ORIGAMI
76%
4. ŁÓDKĘ
39%
3. CZAPKĘ
35%
5. PUDEŁKO
9%
Nie znaleziono quizów pasujących do podanych kryteriów
Rozkład punktacji
Procent ludzi z każdym wynikiem
Percentyl według liczby udzielonych odpowiedzi
Twoja historia wyników
Nie rozwiązałeś tego quizu